000 01221nam0a22002531 4500
001 rc\4699459
005 20260407092411.0
021 _aRU
_bРг1250-60
035 _a(NLR Aleph) 008431832
090 _a9422285
_c9422285
100 _a20130416d1959 |||y0rusy50 ca
101 0 _arus
102 _aRU
105 _aa z |||||
200 1 _aПриборы системы блокировки и защиты топок при погасании пламени ФЭД-1, КПП-1
_eИнструкция по монтажу и эксплуатации
_fСпец. конструкторское бюро по автоматике в нефтепереработке и производстве искусств. жидкого топлива. СКБ-АНН
210 _aМосква
_cБ. и.
_d1959
215 _a16 с.
_cчерт.
_d22
300 _aЛитогр.
712 0 2 _4070
_aСпециальное КБ по автоматике в нефтепереработке и производстве искусственного жидкого топлива
_cМосква
_9311834
_3RU\NLR\AUTH\8819229
801 0 _aRU
_bNLR
_gpsbo
801 1 _aRU
_bELAR
_2rusmarc
852 _aNLR
_j60-6/404
942 _cBOOK
980 _aNB